[Event "Palmanova op 12th"]
[Site "Palmanova"]
[Date "2023.12.09"]
[Round "3"]
[White "Predan, Luca"]
[Black "Suc, Timothy"]
[Result "0-1"]
[WhiteElo "1768"]
[BlackElo "2006"]
[PlyCount "108"]
[EventDate "2023.12.08"]
[EventType "swiss"]
[EventRounds "5"]
[EventCountry "ITA"]
[SourceTitle "CB50_2023"]
[SourceDate "2023.12.13"]
[SourceVersion "1"]
[SourceVersionDate "2023.12.13"]
[SourceQuality "1"]

1. c4 e6 2. Nc3 d5 3. cxd5 exd5 4. d4 c6 5. g3 Bd6 6. Bg2 Nf6 7. Bg5 Bf5 8. e3 Nbd7 9. Nge2 h6 10. Bxf6 Nxf6 11. a3 h5 12. h4 a5 13. Qd2 Qe7 14. Nc1 Ne4 15. Nxe4 Bxe4 16. Bxe4 Qxe4 17. Rg1 0-0 18. Qe2 Rfe8 19. Nb3 Re6 20. Nd2 Qc2 21. Nf3 Qxe2+ 22. Kxe2 f6 23. Rgc1 a4 24. Ne1 Ra5 25. Nd3 Rb5 26. Rc2 Re8 27. Nf4 Bxf4 28. gxf4 Kf7 29. Rb1 Ke6 30. b4 axb3 31. Rcb2 Ra8 32. Rxb3 Rxb3 33. Rxb3 b5 34. Kf3 Ra4 35. Kg3 Kf5 36. f3 g6 37. Kh3 Rc4 38. Kg3 Rc1 39. Kg2 Rc2+ 40. Kg3 Ke6 41. Rd3 f5 42. Rb3 Kd6 43. Rd3 Kc7 44. Rb3 Kb6 45. a4 Ka5 46. axb5 cxb5 47. e4 fxe4 48. fxe4 dxe4 49. Re3 b4 50. Rxe4 b3 51. f5 gxf5 52. Re5+ Kb4 53. Rxf5 b2 54. Rf8 Rc3+ 0-1

[Event "Palmanova op 12th"]
[Site "Palmanova"]
[Date "2023.12.09"]
[Round "2"]
[White "Suc, Timothy"]
[Black "Agolzer, Luca"]
[Result "1-0"]
[WhiteElo "2006"]
[BlackElo "1902"]
[PlyCount "83"]
[EventDate "2023.12.08"]
[EventType "swiss"]
[EventRounds "5"]
[EventCountry "ITA"]
[SourceTitle "CB50_2023"]
[SourceDate "2023.12.13"]
[SourceVersion "1"]
[SourceVersionDate "2023.12.13"]
[SourceQuality "1"]

1. d4 Nf6 2. Bf4 d5 3. Nf3 c5 4. e3 Nc6 5. Nbd2 Qb6 6. dxc5 Qxc5 7. a3 a6 8. c4 dxc4 9. Bxc4 e6 10. b4 Qb6 11. 0-0 Be7 12. e4 0-0 13. Qe2 Nd4 14. Nxd4 Qxd4 15. Be3 Qd8 16. Rfd1 b6 17. Nb3 Qc7 18. Rac1 Qb7 19. f3 Qb8 20. Qf2 Nd7 21. Nd4 Ne5 22. Be2 Bb7 23. f4 Ng6 24. Nc6 Qe8 25. Nxe7+ Qxe7 26. Bxb6 Bxe4 27. Bc5 Qf6 28. Bxf8 Rxf8 29. Qd4 Qxf4 30. Rf1 Qe5 31. Qxe5 Nxe5 32. Bxa6 f5 33. b5 Rf6 34. b6 Rg6 35. g3 Nf3+ 36. Rxf3 Bxf3 37. b7 Bxb7 38. Bxb7 e5 39. a4 f4 40. a5 fxg3 41. a6 gxh2+ 42. Kh1 1-0

[Event "Palmanova op 12th"]
[Site "Palmanova"]
[Date "2023.12.08"]
[Round "1"]
[White "Loiacono, Leonardo"]
[Black "Suc, Timothy"]
[Result "1-0"]
[WhiteElo "2325"]
[BlackElo "2006"]
[PlyCount "47"]
[EventDate "2023.12.08"]
[EventType "swiss"]
[EventRounds "5"]
[EventCountry "ITA"]
[SourceTitle "CB50_2023"]
[SourceDate "2023.12.13"]
[SourceVersion "1"]
[SourceVersionDate "2023.12.13"]
[SourceQuality "1"]

1. d4 d5 2. c4 e6 3. Nc3 a6 4. cxd5 exd5 5. Bf4 Nf6 6. e3 Bd6 7. Bxd6 Qxd6 8. Bd3 Bg4 9. Nge2 Bh5 10. Qb3 Bxe2 11. Bxe2 b5 12. Bf3 c6 13. a4 b4 14. Na2 a5 15. Nc1 Nbd7 16. Nd3 0-0 17. Rc1 Rfe8 18. 0-0 Ne4 19. Rc2 Rac8 20. Rfc1 Re6 21. Bxe4 dxe4 22. Nc5 Nxc5 23. Rxc5 Rh6 24. h3 1-0

[Event "Portoroz op 14th"]
[Site "Portoroz"]
[Date "2023.07.22"]
[Round "9"]
[White "Marovt, Nejc"]
[Black "Suc, Timothy"]
[Result "0-1"]
[WhiteElo "1750"]
[BlackElo "2113"]
[PlyCount "44"]
[EventDate "2023.07.15"]
[EventType "swiss"]
[EventRounds "9"]
[EventCountry "SLO"]
[SourceTitle "CBM 215 Extra"]
[Source "ChessBase"]
[SourceDate "2023.09.30"]
[SourceVersion "1"]
[SourceVersionDate "2023.09.30"]
[SourceQuality "1"]

1. e4 d5 2. exd5 Qxd5 3. d4 Nc6 4. Nf3 Bg4 5. Be2 0-0-0 6. c3 e5 7. Be3 Nh6 8. 0-0 Nf5 9. Nbd2 exd4 10. cxd4 Bb4 11. Nb3 Rhe8 12. Ne5 Bxe2 13. Qxe2 Ncxd4 14. Qg4 h5 15. Qh3 Ne2+ 16. Kh1 Qxe5 17. a3 Bd6 18. Rae1 Nf4 19. Bxf4 Qxf4 20. Nd4 g6 21. Rd1 Kb8 22. Qd3 Qxh2# 0-1

[Event "Portoroz op 14th"]
[Site "Portoroz"]
[Date "2023.07.17"]
[Round "4"]
[White "Suc, Timothy"]
[Black "Pirs, Matjaz1111"]
[Result "1/2-1/2"]
[WhiteElo "2113"]
[BlackElo "1924"]
[PlyCount "64"]
[EventDate "2023.07.15"]
[EventType "swiss"]
[EventRounds "9"]
[EventCountry "SLO"]
[SourceTitle "CBM 215 Extra"]
[Source "ChessBase"]
[SourceDate "2023.09.30"]
[SourceVersion "1"]
[SourceVersionDate "2023.09.30"]
[SourceQuality "1"]

1. e4 d5 2. exd5 Nf6 3. Nf3 Nxd5 4. d4 Nb6 5. c4 g6 6. Nc3 Bg7 7. c5 Nd5 8. Bc4 Nxc3 9. bxc3 0-0 10. 0-0 Nd7 11. Bg5 c6 12. Qb3 h6 13. Bh4 b6 14. Rfe1 Bf6 15. Bg3 bxc5 16. Rad1 cxd4 17. cxd4 Nb6 18. Bd3 Qd5 19. Qc2 Bf5 20. Bxf5 Qxf5 21. Qxc6 Rfc8 22. Qb7 Qa5 23. Be5 Qxa2 24. Bxf6 exf6 25. Ra1 Qc4 26. Rxa7 Rxa7 27. Qxa7 Nd5 28. g3 Kg7 29. Qd7 Rc7 30. Qd6 Rc6 31. Qd7 Rc7 32. Qd6 Rc6 1/2-1/2

[Event "Portoroz op 14th"]
[Site "Portoroz"]
[Date "2023.07.15"]
[Round "1"]
[White "Papler, Peter"]
[Black "Suc, Timothy"]
[Result "0-1"]
[WhiteElo "1727"]
[BlackElo "2113"]
[PlyCount "80"]
[EventDate "2023.07.15"]
[EventType "swiss"]
[EventRounds "9"]
[EventCountry "SLO"]
[SourceTitle "CBM 215 Extra"]
[Source "ChessBase"]
[SourceDate "2023.09.30"]
[SourceVersion "1"]
[SourceVersionDate "2023.09.30"]
[SourceQuality "1"]

1. d3 d5 2. Nf3 Nf6 3. Nbd2 Bf5 4. c3 Nbd7 5. Qc2 c6 6. e4 Bg6 7. Be2 e5 8. 0-0 Bd6 9. Rd1 a5 10. Bf1 0-0 11. Re1 a4 12. exd5 Nxd5 13. Ne4 Bc7 14. Bd2 h6 15. Rad1 Re8 16. Bc1 f5 17. Ng3 Qf6 18. Nd2 Kh7 19. Be2 Nf4 20. Bf3 Nc5 21. Be2 Rad8 22. Nc4 b5 23. Na3 Nxe2+ 24. Qxe2 e4 25. dxe4 Nxe4 26. Nxe4 Rxe4 27. Qf1 Qe5 28. f4 Rxd1 29. Rxd1 Qc5+ 30. Kh1 Bh5 31. Re1 Qe7 32. Rxe4 Qxe4 33. Qf2 Bd1 34. h3 Be2 35. Be3 Bd3 36. Kh2 c5 37. g3 b4 38. Bxc5 bxa3 39. Bxa3 Bc4 40. b3 Bd5 0-1

[Event "SLO-chT2 West"]
[Site "Komenda"]
[Date "2022.11.20"]
[Round "4.1"]
[White "Macek, Inti"]
[Black "Suc, Timothy"]
[Result "1/2-1/2"]
[WhiteElo "1306"]
[BlackElo "2160"]
[PlyCount "60"]
[EventDate "2022.11.19"]
[EventType "team-tourn"]
[EventRounds "7"]
[EventCountry "SLO"]
[SourceTitle "EXT 2024"]
[Source "ChessBase"]
[SourceDate "2023.10.10"]
[SourceVersion "1"]
[SourceVersionDate "2023.10.10"]
[SourceQuality "1"]
[WhiteTeam "Komenda SK II"]
[BlackTeam "Piran"]
[WhiteTeamCountry "SLO"]
[BlackTeamCountry "SLO"]

1. d4 d6 2. Nf3 Bg4 3. Bf4 Nd7 4. Nbd2 g6 5. h3 Bxf3 6. Nxf3 Bg7 7. c3 Ngf6 8. e3 0-0 9. Bd3 Qe8 10. e4 e5 11. dxe5 dxe5 12. Be3 Qe7 13. 0-0 Nc5 14. Bxc5 Qxc5 15. Qb3 b6 16. Rad1 Rad8 17. Bc2 Nh5 18. Qa4 a5 19. c4 c6 20. a3 Ra8 21. Qb3 Nf4 22. Rfe1 Rfd8 23. Rxd8+ Rxd8 24. Rd1 Ne2+ 25. Kf1 Nd4 26. Qc3 Qe7 27. Qe3 Ne6 28. Qe2 Nd4 29. Qd3 Ne6 30. Qe2 Nd4 1/2-1/2

[Event "SLO-chT1 West"]
[Site "Slovenia"]
[Date "2018.10.26"]
[Round "7.2"]
[White "Furlan, Miha"]
[Black "Suc, Timothy"]
[Result "1-0"]
[WhiteElo "2300"]
[BlackElo "2138"]
[PlyCount "47"]
[EventDate "2018.09.28"]
[EventType "team-tourn"]
[EventRounds "9"]
[EventCountry "SLO"]
[SourceTitle "CBM 187 Extra"]
[Source "ChessBase"]
[SourceDate "2018.11.04"]
[SourceVersion "1"]
[SourceVersionDate "2018.11.04"]
[SourceQuality "1"]
[WhiteTeam "Trebnje BMP"]
[BlackTeam "Piran"]
[WhiteTeamCountry "SLO"]
[BlackTeamCountry "SLO"]

1. e4 c6 2. d4 d5 3. Nc3 dxe4 4. Nxe4 Bf5 5. Ng3 Bg6 6. h4 h6 7. Nf3 e6 8. h5 Bh7 9. Bd3 Bxd3 10. Qxd3 Nf6 11. Bd2 Be7 12. 0-0-0 c5 13. Kb1 Nc6 14. Bc3 cxd4 15. Nxd4 Nxd4 16. Bxd4 0-0 17. Ne4 Nxe4 18. Qxe4 Qc7 19. Be5 Qc8 20. Rd3 f5 21. Qf3 Qc5 22. Re1 Rac8 23. Rc3 Qb6 24. Qg3 1-0

[Event "Trieste op 20th"]
[Site "Trieste"]
[Date "2018.09.04"]
[Round "5"]
[White "Loiacono, Antonio"]
[Black "Suc, Timothy"]
[Result "1-0"]
[WhiteElo "2278"]
[BlackElo "2138"]
[PlyCount "89"]
[EventDate "2018.09.01"]
[EventType "swiss"]
[EventRounds "9"]
[EventCountry "ITA"]
[SourceTitle "CBM 186 Extra"]
[Source "ChessBase"]
[SourceDate "2018.08.24"]
[SourceVersion "1"]
[SourceVersionDate "2018.08.24"]
[SourceQuality "1"]

1. e4 c6 2. d4 d5 3. Nc3 dxe4 4. Nxe4 Nf6 5. Nxf6+ exf6 6. Be3 Bd6 7. Nf3 0-0 8. Be2 Re8 9. 0-0 Nd7 10. c4 Nf8 11. Qc2 f5 12. Rfe1 Qc7 13. Rad1 Be6 14. h3 Rad8 15. Bd3 g6 16. Bg5 Be7 17. Bxe7 Qxe7 18. Qc3 Qd7 19. Bc2 Qc8 20. a4 b6 21. b3 Qb7 22. Ne5 a6 23. Nd3 Re7 24. a5 b5 25. Nc5 Qa7 26. cxb5 cxb5 27. b4 Bc8 28. d5 Rxe1+ 29. Qxe1 Qc7 30. Bb3 Qd6 31. Qe3 Nd7 32. f4 Nf6 33. Qe5 Nh5 34. Rd4 Nf6 35. g3 h5 36. Kg2 Kg7 37. Rd1 Kg8 38. Kf3 Ne8 39. Re1 Nf6 40. h4 Kg7 41. Re2 Kg8 42. Qxd6 Rxd6 43. Re7 Bd7 44. Nb7 Nxd5 45. Re5 1-0

[Event "Trieste op 20th"]
[Site "Trieste"]
[Date "2018.09.02"]
[Round "3"]
[White "Brunello, Sabino"]
[Black "Suc, Timothy"]
[Result "1-0"]
[WhiteElo "2552"]
[BlackElo "2138"]
[PlyCount "27"]
[EventDate "2018.09.01"]
[EventType "swiss"]
[EventRounds "9"]
[EventCountry "ITA"]
[SourceTitle "CBM 186 Extra"]
[Source "ChessBase"]
[SourceDate "2018.08.24"]
[SourceVersion "1"]
[SourceVersionDate "2018.08.24"]
[SourceQuality "1"]

1. c4 e6 2. Nf3 d5 3. d4 Nf6 4. Bg5 Be7 5. Nc3 0-0 6. e3 h6 7. Bxf6 Bxf6 8. Qc2 dxc4 9. Bxc4 b6 10. Qe4 c6 11. h4 Be7 12. g4 Qd6 13. g5 h5 14. Bd3 1-0

[Event "Portoroz op 12th"]
[Site "Portoroz"]
[Date "2018.07.20"]
[Round "8"]
[White "Fercec, Nenad"]
[Black "Suc, Timothy"]
[Result "1/2-1/2"]
[WhiteElo "2436"]
[BlackElo "2137"]
[PlyCount "53"]
[EventDate "2018.07.14"]
[EventType "swiss"]
[EventRounds "9"]
[EventCountry "SVK"]
[SourceTitle "EXT 2019"]
[Source "ChessBase"]
[SourceDate "2018.10.10"]
[SourceVersion "1"]
[SourceVersionDate "2018.10.10"]
[SourceQuality "1"]

1. e4 c6 2. d4 d5 3. e5 c5 4. Nf3 Nc6 5. c4 cxd4 6. Nxd4 e6 7. Nc3 Bb4 8. Nxc6 bxc6 9. Bd2 Qc7 10. Qh5 Ne7 11. cxd5 Bxc3 12. Bxc3 Nxd5 13. Bd3 Nf4 14. Qf3 Nxd3+ 15. Qxd3 0-0 16. 0-0-0 a5 17. Qd6 Qb6 18. Bd4 Qb5 19. Bc5 Ba6 20. Qd4 Rfb8 21. Rhe1 Qc4+ 22. Kb1 h6 23. Re4 Qd5 24. Rd2 Rb5 25. Bd6 Qxd4 26. Rexd4 c5 27. Rg4 1/2-1/2

[Event "Portoroz op 12th"]
[Site "Portoroz"]
[Date "2018.07.19"]
[Round "7"]
[White "Suc, Timothy"]
[Black "Corvi, Marco"]
[Result "1/2-1/2"]
[WhiteElo "2137"]
[BlackElo "2296"]
[PlyCount "106"]
[EventDate "2018.07.14"]
[EventType "swiss"]
[EventRounds "9"]
[EventCountry "SVK"]
[SourceTitle "EXT 2019"]
[Source "ChessBase"]
[SourceDate "2018.10.10"]
[SourceVersion "1"]
[SourceVersionDate "2018.10.10"]
[SourceQuality "1"]

1. d4 Nf6 2. c4 g6 3. Nc3 Bg7 4. e4 d6 5. Be2 0-0 6. Nf3 c5 7. d5 e6 8. 0-0 exd5 9. exd5 Bg4 10. h3 Bxf3 11. Bxf3 Nbd7 12. Be3 a6 13. Qd2 Ne8 14. Rab1 Nc7 15. Be2 Re8 16. b4 cxb4 17. Rxb4 b5 18. Rbb1 Rc8 19. Rfc1 bxc4 20. Bxc4 Qh4 21. Bf1 Rb8 22. g3 Qe7 23. Rxb8 Rxb8 24. Bg2 Ne5 25. Ne4 Ne8 26. Bd4 Nd7 27. Bxg7 Kxg7 28. Rc6 Rb1+ 29. Kh2 Qe5 30. f4 Qb2 31. Qxb2+ Rxb2 32. Nxd6 Nef6 33. Kg1 Rxa2 34. Rc7 h5 35. Ra7 g5 36. Nc4 Ra1+ 37. Kf2 Ra2+ 38. Kg1 Ra1+ 39. Bf1 Rd1 40. Ne3 Ra1 41. Nc4 g4 42. d6 Rc1 43. Rxa6 Ne4 44. Ra3 h4 45. gxh4 Kf6 46. Ne5 Ke6 47. Re3 f5 48. Ng6 Ndf6 49. Rd3 Nxd6 50. Nf8+ Ke7 51. Ng6+ Ke6 52. Nf8+ Ke7 53. Ng6+ Ke6 1/2-1/2

[Event "Portoroz op 12th"]
[Site "Portoroz"]
[Date "2018.07.18"]
[Round "6"]
[White "Gregoric, Andraz"]
[Black "Suc, Timothy"]
[Result "0-1"]
[WhiteElo "1760"]
[BlackElo "2137"]
[PlyCount "46"]
[EventDate "2018.07.14"]
[EventType "swiss"]
[EventRounds "9"]
[EventCountry "SVK"]
[SourceTitle "EXT 2019"]
[Source "ChessBase"]
[SourceDate "2018.10.10"]
[SourceVersion "1"]
[SourceVersionDate "2018.10.10"]
[SourceQuality "1"]

1. e4 e5 2. Nf3 Nc6 3. d4 exd4 4. Bc4 Nf6 5. e5 d5 6. Bb5 Ne4 7. Nxd4 Bc5 8. Be3 0-0 9. Bxc6 bxc6 10. Nxc6 Bxe3 11. Nxd8 Bxf2+ 12. Kf1 Ba6+ 13. Qd3 Bxd3+ 14. cxd3 Rfxd8 15. dxe4 Bd4 16. Nc3 dxe4 17. Ke2 Bxe5 18. Rac1 Rab8 19. b3 f5 20. g4 fxg4 21. Nxe4 Rd4 22. Nf2 Re8 23. Kf1 Rd2 0-1

[Event "Nova Gorica op 23rd"]
[Site "Nova Gorica"]
[Date "2018.02.01"]
[Round "9"]
[White "Pirs, Matjaz"]
[Black "Suc, Timothy"]
[Result "0-1"]
[WhiteElo "1987"]
[BlackElo "2101"]
[PlyCount "54"]
[EventDate "2018.01.26"]
[EventType "swiss"]
[EventRounds "9"]
[EventCountry "SLO"]
[SourceTitle "CBM 182 Extra"]
[Source "ChessBase"]
[SourceDate "2018.02.23"]
[SourceVersion "1"]
[SourceVersionDate "2018.02.23"]
[SourceQuality "1"]

1. e4 c5 2. Nf3 d6 3. d4 cxd4 4. Nxd4 Nf6 5. Nc3 a6 6. f4 e5 7. Nf3 Nbd7 8. a4 Be7 9. Bd3 0-0 10. 0-0 exf4 11. Kh1 Nc5 12. Bxf4 Bg4 13. Qd2 Re8 14. Rae1 Bh5 15. Nd4 Bg6 16. b4 Nxd3 17. cxd3 Rc8 18. b5 d5 19. Qb2 dxe4 20. Nxe4 Qd5 21. bxa6 bxa6 22. Nf2 Bc5 23. Nf3 Bh5 24. Re5 Rxe5 25. Nxe5 Bd4 26. Rc1 Re8 27. Qb4 Bxf2 0-1

[Event "Trieste op 19th"]
[Site "Trieste"]
[Date "2017.09.07"]
[Round "7"]
[White "Simoni, Giulio"]
[Black "Suc, Timothy"]
[Result "0-1"]
[WhiteElo "2134"]
[BlackElo "2111"]
[PlyCount "110"]
[EventDate "2017.09.02"]
[EventType "swiss"]
[EventRounds "9"]
[EventCountry "ITA"]
[SourceTitle "CBM 180 Extra"]
[Source "ChessBase"]
[SourceDate "2017.10.06"]
[SourceVersion "1"]
[SourceVersionDate "2017.10.06"]
[SourceQuality "1"]

1. e4 c6 2. Nf3 d5 3. Nc3 Nf6 4. e5 Ne4 5. Be2 Bf5 6. 0-0 e6 7. d3 Nxc3 8. bxc3 Be7 9. Nd4 Bg6 10. f4 c5 11. Nb3 Nc6 12. Bd2 0-0 13. Bf3 Qc7 14. Be3 b6 15. Qd2 f6 16. exf6 Bxf6 17. Rae1 Rae8 18. g3 Qd7 19. d4 c4 20. Nc1 b5 21. Bf2 Be7 22. Re3 Bd6 23. Rfe1 Kh8 24. Ne2 a5 25. Kg2 b4 26. h4 Qf7 27. Rh1 h6 28. Rc1 Qf6 29. cxb4 axb4 30. c3 Ra8 31. Bg4 Be4+ 32. Bf3 Bxf3+ 33. Rxf3 bxc3 34. Nxc3 Bb4 35. Rc2 Ra3 36. Bg1 Qf5 37. Qe2 Qf6 38. Qd2 Rfa8 39. Bf2 Rf8 40. Bg1 Raa8 41. Bf2 Rfb8 42. Rb2 Kg8 43. Bg1 Qf5 44. Re3 Ba5 45. Rxb8+ Rxb8 46. Bf2 Kf7 47. Kf3 Qh3 48. Re1 h5 49. Rc1 Ne7 50. Ke2 Qg4+ 51. Ke1 Qf3 52. Qe3 Qh1+ 53. Kd2 Rb2+ 54. Rc2 Rb1 55. Qe2 g6 0-1

[Event "Portoroz op 11th"]
[Site "Portoroz"]
[Date "2017.07.27"]
[Round "7"]
[White "Suc, Timothy"]
[Black "Gronsfeld, Stefan"]
[Result "1-0"]
[WhiteElo "2095"]
[BlackElo "1808"]
[PlyCount "85"]
[EventDate "2017.07.22"]
[EventType "swiss"]
[EventRounds "9"]
[EventCountry "SLO"]
[SourceTitle "EXT 2018"]
[Source "ChessBase"]
[SourceDate "2017.10.13"]
[SourceVersion "1"]
[SourceVersionDate "2017.10.13"]
[SourceQuality "1"]

1. d4 Nf6 2. Nf3 c5 3. e3 d5 4. c4 cxd4 5. exd4 g6 6. Nc3 Bg7 7. cxd5 Nxd5 8. Qb3 Nxc3 9. bxc3 0-0 10. Be2 Nc6 11. 0-0 Qc7 12. Bg5 Bf5 13. Rac1 Rac8 14. Rfd1 Rfd8 15. Qa3 Rd7 16. d5 Qa5 17. Qb3 Ne5 18. c4 Rdc7 19. Nd4 Bd7 20. Bd2 Qa4 21. Bf4 Qa5 22. Bd2 Qa4 23. Bb4 Bf8 24. c5 Bh6 25. Rc3 Kh8 26. Nc2 Be8 27. Ne3 Kg8 28. Ng4 Bg7 29. Nxe5 Bxe5 30. Re3 Bg7 31. Bc4 h5 32. Rde1 Bf6 33. d6 Qxb3 34. axb3 Rxc5 35. Bxc5 Rxc5 36. dxe7 b5 37. Be2 Bg5 38. Re4 f5 39. Re6 Kf7 40. Bf3 Bd2 41. R6e5 Bxe1 42. Rxc5 Kxe7 43. Re5+ 1-0

[Event "Portoroz op 11th"]
[Site "Portoroz"]
[Date "2017.07.26"]
[Round "6"]
[White "Lavorgna, Filippo"]
[Black "Suc, Timothy"]
[Result "1/2-1/2"]
[WhiteElo "1832"]
[BlackElo "2095"]
[PlyCount "113"]
[EventDate "2017.07.22"]
[EventType "swiss"]
[EventRounds "9"]
[EventCountry "SLO"]
[SourceTitle "EXT 2018"]
[Source "ChessBase"]
[SourceDate "2017.10.13"]
[SourceVersion "1"]
[SourceVersionDate "2017.10.13"]
[SourceQuality "1"]

1. Nf3 Nf6 2. c4 c5 3. d4 cxd4 4. Nxd4 b6 5. f3 Bb7 6. e4 d6 7. Nc3 e6 8. Be3 a6 9. Qd2 Nbd7 10. Be2 Be7 11. 0-0 Rc8 12. Rac1 Qc7 13. Rfd1 Ne5 14. b3 h5 15. a4 h4 16. Qe1 h3 17. g3 Qb8 18. Qf2 Bd8 19. Nc2 Ned7 20. Ne1 Bc7 21. Bf1 Qa8 22. Qb2 Ne5 23. Be2 0-0 24. Nd3 Nxd3 25. Bxd3 d5 26. exd5 exd5 27. cxd5 Nxd5 28. Nxd5 Bxd5 29. f4 Bxb3 30. Rf1 Bd6 31. Qf2 Rxc1 32. Rxc1 Re8 33. Bxb6 Bxa4 34. Bf1 Bb5 35. Bxh3 Qe4 36. Bg2 Qe7 37. Bd4 Ba3 38. Ra1 Bd6 39. Bd5 Qe2 40. Qxe2 Rxe2 41. Bb7 Rd2 42. Bf2 Bb4 43. Bxa6 Bc3 44. Rb1 Rxf2 45. Bxb5 Bd4 46. Kh1 Rb2 47. Bc6 Ra2 48. Bd5 Ra1 49. Rxa1 Bxa1 50. Kg2 g6 51. Kf3 Kg7 52. Ke4 Bb2 53. g4 f5+ 54. gxf5 gxf5+ 55. Kxf5 Bc1 56. Kg5 Bxf4+ 57. Kxf4 1/2-1/2

[Event "Portoroz op 11th"]
[Site "Portoroz"]
[Date "2017.07.23"]
[Round "2"]
[White "Suc, Timothy"]
[Black "Zelcic, Robert"]
[Result "1/2-1/2"]
[WhiteElo "2095"]
[BlackElo "2500"]
[PlyCount "147"]
[EventDate "2017.07.22"]
[EventType "swiss"]
[EventRounds "9"]
[EventCountry "SLO"]
[SourceTitle "EXT 2018"]
[Source "ChessBase"]
[SourceDate "2017.10.13"]
[SourceVersion "1"]
[SourceVersionDate "2017.10.13"]
[SourceQuality "1"]

1. e4 c6 2. d4 d5 3. Nc3 dxe4 4. Nxe4 Bf5 5. Ng3 Bg6 6. Nf3 e6 7. Bd3 Nf6 8. 0-0 Bd6 9. b3 0-0 10. Bxg6 hxg6 11. Bb2 Qc7 12. c4 Nbd7 13. Qe2 Rad8 14. Rad1 Rfe8 15. Ne5 c5 16. Nxd7 Rxd7 17. dxc5 Bxc5 18. Rxd7 Qxd7 19. Rd1 Qc6 20. Qf3 e5 21. Qxc6 bxc6 22. h3 a5 23. Kf1 g5 24. f3 Kh7 25. Bc3 Bb4 26. Bxb4 axb4 27. Rd6 Rc8 28. Nf5 c5 29. Ra6 Re8 30. Rc6 e4 31. Rxc5 Ra8 32. Rb5 Rxa2 33. Rxb4 g6 34. Ng3 exf3 35. gxf3 Nd7 36. Rb5 Kh6 37. Ne4 f5 38. Rd5 Nb6 39. Rd6 Nc8 40. Rd8 Ne7 41. Rd7 Ng8 42. Rd8 Ne7 43. Rd7 Ng8 44. Nd6 Nf6 45. Rf7 Nh5 46. c5 Nf4 47. c6 Ra8 48. Kf2 Ra2+ 49. Kf1 Ra1+ 50. Kf2 Ra2+ 51. Ke3 Ra6 52. c7 Nd5+ 53. Kd4 Nxc7 54. Nxf5+ gxf5 55. Rxc7 Rd6+ 56. Kc5 Rd1 57. Rc6+ Kh5 58. b4 Kh4 59. Rg6 Rc1+ 60. Kd5 Rc3 61. Rh6+ Kg3 62. Rh5 Kf4 63. h4 g4 64. fxg4 fxg4 65. Rg5 Rh3 66. Rg8 Rxh4 67. b5 Rh5+ 68. Kc6 g3 69. b6 Rh6+ 70. Kc7 Kf3 71. b7 Rh7+ 72. Kc8 Rxb7 73. Kxb7 g2 74. Rxg2 1/2-1/2

[Event "Bled op"]
[Site "Bled"]
[Date "2017.03.10"]
[Round "1"]
[White "Suc, Timothy"]
[Black "Krize, Ales"]
[Result "1-0"]
[WhiteElo "2069"]
[BlackElo "1816"]
[PlyCount "75"]
[EventDate "2017.03.10"]
[EventType "swiss"]
[EventRounds "5"]
[EventCountry "SLO"]
[SourceTitle "EXT 2019"]
[Source "ChessBase"]
[SourceDate "2018.10.10"]
[SourceVersion "1"]
[SourceVersionDate "2018.10.10"]
[SourceQuality "1"]

1. d4 d5 2. Bf4 Nf6 3. e3 c6 4. Bd3 Bg4 5. f3 Bh5 6. c4 dxc4 7. Bxc4 e6 8. Qb3 Qc8 9. Nc3 Be7 10. Nge2 Nbd7 11. Rc1 Nb6 12. Bd3 Qd7 13. e4 0-0 14. 0-0 Bg6 15. Rfd1 h5 16. a4 h4 17. a5 Nc8 18. Be3 Bd8 19. Nf4 Bh7 20. Bc4 Kh8 21. Bf2 g5 22. Nd3 b6 23. Ne5 Qc7 24. Be3 Nh5 25. d5 c5 26. Nc6 Nd6 27. Nxd8 Nxc4 28. Qxc4 Raxd8 29. dxe6 h3 30. Nd5 Rxd5 31. Rxd5 Nf4 32. Bd4+ f6 33. Rd7 Qb8 34. e7 cxd4 35. exf8Q+ Qxf8 36. Qa6 Bg8 37. Rc8 Ne2+ 38. Kf2 1-0

[Event "Nova Gorica op 22nd"]
[Site "Nova Gorica"]
[Date "2017.01.29"]
[Round "4"]
[White "Dobrovoljc, Vid"]
[Black "Suc, Timothy"]
[Result "1-0"]
[WhiteElo "2297"]
[BlackElo "2065"]
[PlyCount "89"]
[EventDate "2017.01.27"]
[EventType "swiss"]
[EventRounds "9"]
[EventCountry "SLO"]
[SourceTitle "CBM 176 Extra"]
[Source "ChessBase"]
[SourceDate "2017.03.02"]
[SourceVersion "1"]
[SourceVersionDate "2017.03.02"]
[SourceQuality "1"]

1. Nf3 d5 2. g3 c5 3. Bg2 Nc6 4. 0-0 e6 5. d3 Nge7 6. e4 g6 7. e5 Bg7 8. Re1 Qc7 9. Qe2 b6 10. c4 d4 11. Na3 a6 12. Nc2 Bb7 13. Rb1 a5 14. b3 Nb4 15. Na3 0-0 16. Nb5 Qd7 17. a3 Na6 18. Nd6 Bc6 19. Ne4 Bxe4 20. Qxe4 h6 21. h4 Rab8 22. a4 Nb4 23. Rb2 Nec6 24. Bf4 Rbe8 25. Qe2 Kh8 26. Qd2 Kh7 27. Nh2 Ne7 28. Be4 Nbc6 29. Ng4 Ng8 30. h5 Nce7 31. Kg2 Nf5 32. hxg6+ fxg6 33. Rh1 h5 34. Qe2 Qf7 35. Rbb1 Kh8 36. Rh3 Ngh6 37. Nf6 Bxf6 38. exf6 Qxf6 39. Bc6 e5 40. Bxe8 exf4 41. gxf4 Nh4+ 42. Kf1 Qxf4 43. Re1 Ng4 44. Rxh4 Ne3+ 45. Qxe3 1-0

[Event "Nova Gorica op 22nd"]
[Site "Nova Gorica"]
[Date "2017.01.29"]
[Round "5"]
[White "Suc, Timothy"]
[Black "Petrovic, Marko"]
[Result "1-0"]
[WhiteElo "2065"]
[BlackElo "1919"]
[PlyCount "49"]
[EventDate "2017.01.27"]
[EventType "swiss"]
[EventRounds "9"]
[EventCountry "SLO"]
[SourceTitle "CBM 176 Extra"]
[Source "ChessBase"]
[SourceDate "2017.03.02"]
[SourceVersion "1"]
[SourceVersionDate "2017.03.02"]
[SourceQuality "1"]

1. e4 d5 2. exd5 Qxd5 3. Nc3 Qd8 4. d4 c6 5. Bc4 Nf6 6. Nf3 Bg4 7. Bxf7+ Kxf7 8. Ne5+ Kg8 9. Nxg4 Qd7 10. Ne5 Qf5 11. 0-0 Na6 12. Be3 Rd8 13. Qf3 Qxf3 14. Nxf3 e6 15. a3 Bd6 16. Rad1 h6 17. Ne5 g5 18. f4 gxf4 19. Bxf4 Nc7 20. Nxc6 bxc6 21. Bxd6 Rxd6 22. Rxf6 Ne8 23. Rf4 Kg7 24. Rdf1 Kg6 25. Ne4 1-0